| Поле | Название | Значение |
| |
Тип записи |
a |
| |
Библиографический уровень |
m |
| 001 |
Контрольный номер |
RuMoRGB-006592108 |
| 005 |
Дата корректировки |
20230707133327.8 |
| 010 |
Индекс ISBN |
__ |
| a |
ISBN |
978-5-699-63252-7 |
| d |
Цена |
110-00 |
| 021 |
№ государственной регистрации |
__ |
| b |
№ документа |
13-30696 |
| 100 |
Данные общей обработки |
__ |
| a |
Данные общей обработки |
19121212d2013 |||y1rusy0189 ca |
| 101 |
Язык документа |
__ |
| a |
Язык текста |
rus |
| 102 |
Страна публикации |
__ |
| a |
Страна публикации |
ru |
| 102 |
Страна публикации |
__ |
| a |
Страна публикации |
ru |
| 105 |
Кодированные данные (монография) |
__ |
| a |
Кодированные данные (монография) |
y zzzz000zy |
| 200 |
Заглавие и сведения об ответственности |
__ |
| a |
Заглавие |
Человек из зеркала |
| e |
Сведения, относящиеся к заглавию |
[роман : 16+] |
| f |
Первые сведения об ответственности |
Владимир Колычев |
| 210 |
Выходные данные |
__ |
| a |
Место издания |
Москва |
| c |
Издательство |
Эксмо |
| d |
Дата издания |
2013 |
| 215 |
Физическое описание |
__ |
| a |
Объем |
349, [1] с. |
| 225 |
Серия (Журнальная рубрика) |
__ |
| a |
Серия (Журнальная рубрика) |
Колычев. Мастер криминальной интриги |
| 606 |
Тематические рубрики |
__ |
| a |
Основная рубрика |
Художественная литература |
| 606 |
Тематические рубрики |
__ |
| a |
Основная рубрика |
Современная русская литература (произведения) |
| 610 |
Ключевые слова |
__ |
| a |
Ключевые слова |
русская современная литература |
| 610 |
Ключевые слова |
__ |
| a |
Ключевые слова |
романы |
| 686 |
Индексы других классификаций |
__ |
| a |
Индекс ББК |
84(2Рос=Рус)6-4 |
| 700 |
Автор |
_1 |
| a |
Фамилия |
Колычев |
| b |
Имя |
В. Г. |
| f |
Даты |
1968- |
| g |
Полное личное имя |
Владимир Григорьевич |
| 801 |
Источник записи |
_0 |
| a |
Страна |
ru |
| b |
Организация |
RuMoRKP |
| c |
Дата составления |
20121212 |
| 801 |
Источник записи |
_1 |
| a |
Страна |
ru |
| b |
Организация |
RuMoRKP |
| c |
Дата составления |
20121212 |
| 801 |
Источник записи |
_2 |
| a |
Страна |
ru |
| b |
Организация |
РГБ |
| c |
Дата составления |
20121212 |
| 801 |
Источник записи |
_2 |
| a |
Страна |
ru |
| b |
Организация |
Центральная районная библиотека им. Г. А. Пирожникова |
| c |
Дата составления |
20121212 |
| 852 |
Данные о местонахождении |
__ |
| j |
Шифр хранения |
84(2Рос=Рус)6 |
| i |
Авторский знак |
К 61 |
| b |
Сигла хранения |
ООЧ; 8; 26; 29 |
| 901 |
Тип документа |
__ |
| t |
Тип документа |
m |
| 902 |
Роль лиц |
__ |
| a |
Создатель БЗ |
ОКиО/Ковалева Е. |
| 990 |
Данные о заказе (DOS) |
__ |
| j |
Количество экземпляров (DOS) |
4 |
| h |
N записи в КСУ для Б/У (DOS) |
2013-7 |